[Event "English Open Championship 2024"]
[Site "Holiday Inn, 212 Abbey End, Kenilworth CV8 1ED, United Kingdom"]
[Date "2024.06.20"]
[Round "2.33"]
[White "Waterfield, Mark B"]
[Black "Turner, Lewis A"]
[Result "1-0"]
[TimeControl "G90 + 30secs/move"]
[WhiteFideId "464910"]
[BlackFideId "412600"]
[WhiteElo "1839"]
[BlackElo "1929"]

1. e4 {[%clk 01:30:57]} {[%emt 00:00:02]} c5 {[%clk 01:30:57]} {[%emt
00:00:04]} 2. Nf3 {[%clk 01:31:21]} {[%emt 00:00:06]} d6 {[%clk 01:31:24]}
{[%emt 00:00:03]} 3. d4 {[%clk 01:31:45]} {[%emt 00:00:06]} cxd4 {[%clk
01:31:49]} {[%emt 00:00:05]} 4. Nxd4 {[%clk 01:32:05]} {[%emt 00:00:10]} Nf6
{[%clk 01:32:15]} {[%emt 00:00:04]} 5. Nc3 {[%clk 01:32:29]} {[%emt 00:00:07]}
a6 {[%clk 01:32:40]} {[%emt 00:00:04]} 6. f3 {[%clk 01:32:51]} {[%emt
00:00:08]} e5 {[%clk 01:32:58]} {[%emt 00:00:12]} 7. Nb3 {[%clk 01:33:16]}
{[%emt 00:00:05]} Be6 {[%clk 01:33:16]} {[%emt 00:00:12]} 8. Be3 {[%clk
01:33:37]} {[%emt 00:00:09]} Be7 {[%clk 01:33:28]} {[%emt 00:00:18]} 9. Qd2
{[%clk 01:34:00]} {[%emt 00:00:07]} h5 {[%clk 01:33:28]} {[%emt 00:00:30]} 10.
Be2 {[%clk 01:26:29]} {[%emt 00:08:01]} Nbd7 {[%clk 01:33:41]} {[%emt
00:00:18]} 11. O-O {[%clk 01:23:28]} {[%emt 00:03:30]} Rc8 {[%clk 01:33:38]}
{[%emt 00:00:33]} 12. a4 {[%clk 01:20:27]} {[%emt 00:03:31]} O-O {[%clk
01:28:55]} {[%emt 00:05:13]} 13. a5 {[%clk 01:20:10]} {[%emt 00:00:47]} Qc7
{[%clk 01:28:33]} {[%emt 00:00:51]} 14. Kh1 {[%clk 01:16:25]} {[%emt 00:04:16]}
Rfd8 {[%clk 01:28:48]} {[%emt 00:00:14]} 15. f4 {[%clk 01:12:01]} {[%emt
00:04:54]} exf4 {[%clk 01:18:14]} {[%emt 00:11:04]} 16. Bxf4 {[%clk 01:11:54]}
{[%emt 00:00:37]} Bxb3 {[%clk 01:18:19]} {[%emt 00:00:26]} 17. cxb3 {[%clk
01:11:59]} {[%emt 00:00:25]} Nc5 {[%clk 01:18:41]} {[%emt 00:00:08]} 18. Bc4
{[%clk 01:09:02]} {[%emt 00:03:27]} Bf8 {[%clk 01:06:21]} {[%emt 00:12:50]} 19.
Bg5 {[%clk 00:49:13]} {[%emt 00:20:19]} Be7 {[%clk 00:58:20]} {[%emt 00:08:32]}
20. Bxf6 {[%clk 00:48:33]} {[%emt 00:01:09]} Bxf6 {[%clk 00:58:23]} {[%emt
00:00:27]} 21. Rxf6 {[%clk 00:41:13]} {[%emt 00:07:50]} gxf6 {[%clk 00:58:18]}
{[%emt 00:00:35]} 22. Qh6 {[%clk 00:40:12]} {[%emt 00:01:30]} d5 {[%clk
00:55:22]} {[%emt 00:03:27]} 23. Nxd5 {[%clk 00:37:40]} {[%emt 00:03:02]} Rxd5
{[%emt 00:00:43]} 24. Bxd5 {[%clk 00:37:26]} {[%emt 00:00:07]} Ne6 {[%clk
00:54:43]} {[%emt 00:01:33]} 25. Rf1 {[%clk 00:24:50]} {[%emt 00:13:06]} Qe5
{[%clk 00:52:23]} {[%emt 00:02:49]} 26. h3 {[%clk 00:24:24]} {[%emt 00:00:57]}
Rc2 {[%clk 00:50:13]} {[%emt 00:02:40]} 27. Qxf6 {[%clk 00:20:57]} {[%emt
00:03:57]} Qxf6 {[%clk 00:50:29]} {[%emt 00:00:14]} 28. Rxf6 {[%clk 00:21:23]}
{[%emt 00:00:04]} Rxb2 {[%clk 00:50:18]} {[%emt 00:00:41]} 29. Rf5 {[%clk
00:19:32]} {[%emt 00:02:21]} h4 {[%clk 00:49:12]} {[%emt 00:01:36]} 30. Bxb7
{[%clk 00:19:09]} {[%emt 00:00:53]} Rxb3 {[%clk 00:48:51]} {[%emt 00:00:51]} 31.
Bxa6 {[%clk 00:19:14]} {[%emt 00:00:26]} Nd4 {[%clk 00:47:10]} {[%emt
00:02:10]} 32. Rxf7 {[%clk 00:12:49]} {[%emt 00:06:54]} Rc3 {[%clk 00:41:01]}
{[%emt 00:06:40]} 33. Rf4 {[%clk 00:11:15]} {[%emt 00:02:04]} Ra3 {[%clk
00:39:26]} {[%emt 00:02:04]} 34. Bc4+ {[%clk 00:11:26]} {[%emt 00:00:20]} Kg7
{[%clk 00:39:44]} {[%emt 00:00:12]} 35. a6 {[%clk 00:11:41]} {[%emt 00:00:15]}
1-0

[Event "English Open Championship 2024"]
[Site "Holiday Inn, 212 Abbey End, Kenilworth CV8 1ED, United Kingdom"]
[Date "2024.06.20"]
[Round "2.34"]
[White "Lishoy Gengis Paratazham, Dildarav"]
[Black "Kilambi, Venkata Ananth Akshay"]
[Result "1-0"]
[TimeControl "G90 + 30secs/move"]
[WhiteFideId "491462"]
[BlackFideId "489395"]
[WhiteElo "1969"]
[BlackElo "1865"]

1. e4 {[%clk 01:30:58]} {[%emt 00:00:02]} c6 {[%clk 01:30:56]} {[%emt
00:00:04]} 2. d4 {[%clk 01:31:10]} {[%emt 00:00:18]} d5 {[%clk 01:31:21]}
{[%emt 00:00:05]} 3. exd5 {[%clk 01:31:36]} {[%emt 00:00:04]} cxd5 {[%clk
01:31:40]} {[%emt 00:00:10]} 4. c4 {[%clk 01:32:00]} {[%emt 00:00:07]} Nf6
{[%clk 01:32:06]} {[%emt 00:00:04]} 5. Nc3 {[%clk 01:32:18]} {[%emt 00:00:13]}
g6 {[%clk 01:32:31]} {[%emt 00:00:05]} 6. Qb3 {[%clk 01:30:39]} {[%emt
00:02:09]} Bg7 {[%clk 01:32:51]} {[%emt 00:00:08]} 7. cxd5 {[%clk 01:30:53]}
{[%emt 00:00:16]} O-O {[%clk 01:33:16]} {[%emt 00:00:06]} 8. Be2 {[%clk
01:31:13]} {[%emt 00:00:10]} Nbd7 {[%clk 01:33:41]} {[%emt 00:00:05]} 9. Bf3
{[%clk 01:31:33]} {[%emt 00:00:10]} Nb6 {[%clk 01:34:06]} {[%emt 00:00:05]} 10.
Nge2 {[%clk 01:31:45]} {[%emt 00:00:18]} a5 {[%clk 01:33:03]} {[%emt 00:01:33]}
11. a4 {[%clk 01:28:26]} {[%emt 00:03:50]} Bg4 {[%clk 01:28:51]} {[%emt
00:04:42]} 12. Bxg4 {[%clk 01:28:44]} {[%emt 00:00:12]} Nxg4 {[%clk 01:29:19]}
{[%emt 00:00:01]} 13. O-O {[%clk 01:28:53]} {[%emt 00:00:22]} Nf6 {[%clk
01:25:34]} {[%emt 00:04:14]} 14. Nf4 {[%clk 01:22:14]} {[%emt 00:07:10]} Qd6
{[%clk 01:14:20]} {[%emt 00:11:43]} 15. Be3 {[%clk 01:13:03]} {[%emt 00:09:40]}
Rfd8 {[%clk 01:07:13]} {[%emt 00:07:37]} 16. Nb5 {[%clk 01:11:18]} {[%emt
00:02:16]} Qd7 {[%clk 01:04:31]} {[%emt 00:03:14]} 17. d6 {[%clk 01:11:33]}
{[%emt 00:00:14]} exd6 {[%clk 01:03:32]} {[%emt 00:01:28]} 18. d5 {[%clk
01:12:01]} {[%emt 00:00:02]} Nc8 {[%clk 00:57:10]} {[%emt 00:06:52]} 19. Rac1
{[%emt 00:01:33]} Ne8 {[%clk 00:57:28]} 20. Bd4 {[%clk 01:06:25]} {[%emt
00:05:14]} Bh6 {[%clk 00:49:44]} {[%emt 00:08:14]} 21. Be3 {[%clk 01:05:07]}
{[%emt 00:01:49]} Bg7 {[%clk 00:49:59]} {[%emt 00:00:15]} 22. h3 {[%clk
01:04:25]} {[%emt 00:01:12]} Be5 {[%clk 00:43:13]} {[%emt 00:07:15]} 23. Nd3
{[%clk 01:03:33]} {[%emt 00:01:23]} Bg7 {[%clk 00:42:59]} {[%emt 00:00:43]} 24.
Bg5 {[%clk 01:02:54]} {[%emt 00:01:09]} f6 {[%clk 00:37:50]} {[%emt 00:05:40]}
25. Be3 {[%clk 01:03:09]} {[%emt 00:00:14]} g5 {[%clk 00:38:04]} {[%emt
00:00:17]} 26. Nd4 {[%clk 00:53:16]} {[%emt 00:10:57]} Ne7 {[%clk 00:36:02]}
{[%emt 00:02:59]} 27. Ne6 {[%clk 00:53:23]} {[%emt 00:00:22]} Rdb8 {[%clk
00:34:53]} {[%emt 00:01:39]} 28. Bb6 {[%clk 00:45:49]} {[%emt 00:08:04]} Ra6
{[%clk 00:24:59]} {[%emt 00:10:24]} 29. f4 {[%clk 00:40:14]} {[%emt 00:06:04]}
Kh8 {[%clk 00:22:06]} {[%emt 00:03:23]} 30. fxg5 {[%clk 00:37:26]} {[%emt
00:03:19]} Nxd5 {[%clk 00:18:06]} {[%emt 00:04:30]} 31. Qxd5 {[%clk 00:37:45]}
{[%emt 00:00:10]} Rxb6 {[%clk 00:18:32]} {[%emt 00:00:04]} 32. Nxg7 {[%clk
00:37:34]} {[%emt 00:00:42]} Qxg7 {[%clk 00:17:35]} {[%emt 00:01:28]} 33. Qd4
{[%clk 00:37:57]} {[%emt 00:00:06]} Rb3 {[%clk 00:17:10]} {[%emt 00:00:54]} 34.
gxf6 {[%clk 00:37:01]} {[%emt 00:01:27]} Nxf6 {[%clk 00:16:22]} {[%emt
00:01:18]} 35. Rxf6 {[%clk 00:35:47]} {[%emt 00:01:43]} Rxd3 {[%clk 00:16:43]}
{[%emt 00:00:10]} 36. Qxd3 {[%clk 00:36:07]} {[%emt 00:00:10]} Qxf6 {[%clk
00:17:05]} {[%emt 00:00:07]} 37. Rc7 {[%clk 00:33:19]} {[%emt 00:03:18]} Qh6
{[%clk 00:13:34]} {[%emt 00:04:01]} 38. Qc3+ {[%clk 00:16:47]} {[%emt
00:17:01]} Kg8 {[%clk 00:13:53]} {[%emt 00:00:13]} 39. Qxa5 {[%clk 00:15:47]}
{[%emt 00:01:30]} Qe3+ {[%clk 00:12:08]} {[%emt 00:02:14]} 40. Kh1 {[%clk
00:16:07]} {[%emt 00:00:11]} Rf8 {[%clk 00:06:37]} {[%emt 00:06:01]} 41. Qd5+
{[%clk 00:16:31]} {[%emt 00:00:06]} Kh8 {[%clk 00:06:52]} {[%emt 00:00:14]} 42.
Qd1 {[%clk 00:16:54]} {[%emt 00:00:08]} Qb6 {[%clk 00:06:05]} {[%emt 00:01:16]}
43. Rc2 {[%clk 00:16:20]} {[%emt 00:01:04]} Qb4 {[%clk 00:05:41]} {[%emt
00:00:55]} 44. Rd2 {[%clk 00:12:05]} {[%emt 00:04:44]} Qc4 {[%clk 00:04:51]}
{[%emt 00:01:20]} 45. Rd4 {[%clk 00:06:20]} {[%emt 00:06:16]} Qa6 {[%clk
00:04:12]} {[%emt 00:01:09]} 46. Kh2 {[%clk 00:06:11]} {[%emt 00:00:37]} Qb6
{[%clk 00:03:12]} {[%emt 00:01:32]} 47. b4 {[%clk 00:04:53]} {[%emt 00:01:48]}
Qc7 {[%clk 00:03:06]} {[%emt 00:00:36]} 48. Rd5 {[%clk 00:04:27]} {[%emt
00:00:56]} Qf7 {[%clk 00:01:41]} {[%emt 00:01:56]} 49. Qd4+ {[%clk 00:04:44]}
{[%emt 00:00:11]} Qf6 {[%clk 00:00:58]} {[%emt 00:01:14]} 50. Rxd6 {[%clk
00:05:06]} {[%emt 00:00:09]} Qxd4 {[%clk 00:01:09]} {[%emt 00:00:17]} 51. Rxd4
{[%clk 00:05:33]} {[%emt 00:00:03]} Ra8 {[%clk 00:01:32]} {[%emt 00:00:08]} 52.
a5 {[%clk 00:05:55]} {[%emt 00:00:08]} Ra7 {[%clk 00:01:31]} {[%emt 00:00:30]}
53. Rd7 {[%clk 00:06:17]} {[%emt 00:00:08]} Kg8 {[%clk 00:01:44]} {[%emt
00:00:18]} 54. Kg3 {[%clk 00:06:41]} {[%emt 00:00:05]} h6 {[%clk 00:01:59]}
{[%emt 00:00:16]} 55. Kf4 {[%clk 00:06:57]} {[%emt 00:00:13]} Kh8 {[%clk
00:02:11]} {[%emt 00:00:19]} 56. Ke5 {[%clk 00:07:08]} {[%emt 00:00:16]} Kg8
{[%clk 00:02:26]} {[%emt 00:00:18]} 57. Kd6 {[%clk 00:06:38]} {[%emt 00:00:59]}
Kf8 {[%clk 00:02:39]} {[%emt 00:00:17]} 58. Rd8+ {[%clk 00:06:24]} {[%emt
00:00:44]} Kf7 {[%clk 00:02:53]} {[%emt 00:00:17]} 59. Rb8 {[%clk 00:06:47]}
{[%emt 00:00:06]} Ra6+ {[%clk 00:01:33]} {[%emt 00:01:50]} 60. Kc7 {[%clk
00:06:43]} {[%emt 00:00:34]} Rc6+ {[%clk 00:01:13]} {[%emt 00:00:51]} 61. Kxb7
{[%clk 00:07:02]} {[%emt 00:00:11]} Rc4 {[%clk 00:01:41]} {[%emt 00:00:02]} 62.
b5 {[%clk 00:07:25]} {[%emt 00:00:07]} Rb4 {[%clk 00:02:08]} {[%emt 00:00:03]}
63. b6 {[%clk 00:07:49]} {[%emt 00:00:06]} 1-0

[Event "English Open Championship 2024"]
[Site "Holiday Inn, 212 Abbey End, Kenilworth CV8 1ED, United Kingdom"]
[Date "2024.06.20"]
[Round "2.35"]
[White "Lim, Mark"]
[Black "Dias, Savin"]
[Result "0-1"]
[TimeControl "G90 + 30secs/move"]
[WhiteFideId "417734"]
[BlackFideId "442399"]
[WhiteElo "1844"]
[BlackElo "1983"]

1. d4 {[%clk 01:30:57]} {[%emt 00:00:02]} Nf6 {[%clk 01:29:39]} {[%emt
00:01:23]} 2. Nf3 {[%clk 01:30:48]} {[%emt 00:00:39]} e6 {[%clk 01:29:28]}
{[%emt 00:00:41]} 3. c4 {[%clk 01:31:13]} {[%emt 00:00:04]} Bb4+ {[%clk
01:29:55]} {[%emt 00:00:03]} 4. Nbd2 {[%clk 01:31:26]} {[%emt 00:00:17]} b6
{[%clk 01:30:05]} {[%emt 00:00:20]} 5. a3 {[%clk 01:31:38]} {[%emt 00:00:18]}
Bxd2+ {[%clk 01:30:22]} {[%emt 00:00:14]} 6. Bxd2 {[%clk 01:31:01]} {[%emt
00:01:06]} Bb7 {[%clk 01:30:31]} {[%emt 00:00:21]} 7. e3 {[%clk 01:31:04]}
{[%emt 00:00:27]} d6 {[%clk 01:30:19]} {[%emt 00:00:42]} 8. Bd3 {[%clk
01:29:56]} {[%emt 00:01:38]} Ne4 {[%clk 01:30:06]} {[%emt 00:00:43]} 9. O-O
{[%clk 01:29:16]} {[%emt 00:01:09]} O-O {[%clk 01:28:12]} {[%emt 00:02:25]} 10.
Bxe4 {[%clk 01:28:16]} {[%emt 00:01:30]} Bxe4 {[%clk 01:28:35]} {[%emt
00:00:08]} 11. Bc3 {[%clk 01:28:04]} {[%emt 00:00:42]} f5 {[%clk 01:25:49]}
{[%emt 00:03:15]} 12. b4 {[%clk 01:25:34]} {[%emt 00:03:00]} Nd7 {[%clk
01:24:52]} {[%emt 00:01:27]} 13. Qe2 {[%clk 01:22:43]} {[%emt 00:03:19]} Qe7
{[%clk 01:16:28]} {[%emt 00:08:57]} 14. Nd2 {[%clk 01:21:53]} {[%emt 00:01:19]}
Bb7 {[%clk 01:15:34]} {[%emt 00:01:25]} 15. e4 {[%clk 01:20:25]} {[%emt
00:01:57]} fxe4 {[%clk 01:10:12]} {[%emt 00:05:52]} 16. Nxe4 {[%clk 01:20:29]}
{[%emt 00:00:26]} Rae8 {[%clk 01:08:16]} {[%emt 00:02:26]} 17. Rae1 {[%clk
01:18:58]} {[%emt 00:02:01]} e5 {[%clk 01:03:02]} {[%emt 00:05:45]} 18. d5
{[%clk 01:16:00]} {[%emt 00:03:28]} b5 {[%clk 00:52:17]} {[%emt 00:11:15]} 19.
Qd3 {[%clk 01:10:52]} {[%emt 00:05:37]} bxc4 {[%clk 00:51:24]} {[%emt
00:01:23]} 20. Qxc4 {[%clk 01:11:03]} {[%emt 00:00:19]} Nb6 {[%clk 00:51:37]}
{[%emt 00:00:18]} 21. Qb5 {[%clk 01:08:54]} {[%emt 00:02:39]} Bxd5 {[%clk
00:51:26]} {[%emt 00:00:40]} 22. Nd2 {[%clk 01:08:55]} {[%emt 00:00:30]} Qf7
{[%clk 00:48:02]} {[%emt 00:03:54]} 23. Qd3 {[%clk 01:06:08]} {[%emt 00:03:16]}
Bb7 {[%clk 00:42:17]} {[%emt 00:06:15]} 24. f4 {[%clk 01:04:38]} {[%emt
00:02:00]} exf4 {[%clk 00:37:27]} {[%emt 00:05:20]} 25. Qd4 {[%clk 01:04:04]}
{[%emt 00:01:04]} Qg6 {[%clk 00:35:40]} {[%emt 00:02:17]} 26. Nf3 {[%clk
01:03:06]} {[%emt 00:01:28]} Rxe1 {[%clk 00:33:06]} {[%emt 00:03:04]} 27. Nxe1
{[%clk 01:02:54]} {[%emt 00:00:42]} f3 {[%clk 00:28:47]} {[%emt 00:04:50]} 28.
a4 {[%clk 01:00:57]} {[%emt 00:02:27]} Nxa4 {[%clk 00:23:19]} {[%emt 00:05:58]}
29. Qxa7 {[%clk 00:58:50]} {[%emt 00:02:36]} Nxc3 {[%clk 00:21:35]} {[%emt
00:02:14]} 30. Qxb7 {[%clk 00:57:34]} {[%emt 00:01:46]} Ne2+ {[%clk 00:21:20]}
{[%emt 00:00:45]} 31. Kh1 {[%clk 00:56:44]} {[%emt 00:01:20]} fxg2+ {[%clk
00:20:14]} {[%emt 00:01:37]} 32. Qxg2 {[%clk 00:56:44]} {[%emt 00:00:30]} Qxg2+
{[%clk 00:19:59]} {[%emt 00:00:45]} 33. Kxg2 {[%clk 00:57:09]} {[%emt
00:00:04]} Nf4+ {[%clk 00:18:23]} {[%emt 00:02:07]} 34. Kg3 {[%clk 00:57:00]}
{[%emt 00:00:38]} Nh5+ {[%clk 00:18:31]} {[%emt 00:00:22]} 35. Kg2 {[%clk
00:57:21]} {[%emt 00:00:09]} Rxf1 {[%clk 00:18:59]} {[%emt 00:00:03]} 36. Kxf1
{[%clk 00:57:43]} {[%emt 00:00:08]} Kf7 {[%clk 00:19:21]} {[%emt 00:00:08]} 37.
Ke2 {[%clk 00:57:01]} {[%emt 00:01:11]} Ke6 {[%clk 00:19:43]} {[%emt 00:00:08]}
38. Kd3 {[%clk 00:56:50]} {[%emt 00:00:41]} Kd5 {[%clk 00:19:21]} {[%emt
00:00:52]} 39. Nf3 {[%clk 00:56:44]} {[%emt 00:00:36]} Nf4+ {[%clk 00:19:38]}
{[%emt 00:00:14]} 40. Kc3 {[%clk 00:56:27]} {[%emt 00:00:46]} Ne6 {[%clk
00:19:59]} {[%emt 00:00:09]} 41. Nh4 {[%clk 00:54:47]} {[%emt 00:02:11]} Ke4
{[%clk 00:19:59]} {[%emt 00:00:29]} 42. Kc4 {[%clk 00:54:47]} {[%emt 00:00:31]}
d5+ {[%clk 00:20:23]} {[%emt 00:00:05]} 43. Kc3 {[%clk 00:54:53]} {[%emt
00:00:25]} Nf4 {[%clk 00:20:32]} {[%emt 00:00:20]} 0-1

[Event "English Open Championship 2024"]
[Site "Holiday Inn, 212 Abbey End, Kenilworth CV8 1ED, United Kingdom"]
[Date "2024.06.20"]
[Round "2.36"]
[White "Zhang, Junyi"]
[Black "Watson, Jacob"]
[Result "0-1"]
[TimeControl "G90 + 30secs/move"]
[WhiteFideId "494437"]
[BlackFideId "445037"]
[WhiteElo "1962"]
[BlackElo "1883"]

1. e4 {[%clk 01:30:58]} {[%emt 00:02:21]} c5 {[%clk 01:30:55]} {[%emt
00:00:07]} 2. Nf3 {[%clk 01:31:17]} {[%emt 00:00:09]} Nc6 {[%clk 01:31:07]}
{[%emt 00:00:18]} 3. d4 {[%clk 01:31:06]} {[%emt 00:00:42]} cxd4 {[%clk
01:31:22]} {[%emt 00:00:15]} 4. Nxd4 {[%clk 01:31:31]} {[%emt 00:00:04]} Nf6
{[%clk 01:31:43]} {[%emt 00:00:09]} 5. Nc3 {[%clk 01:30:45]} {[%emt 00:01:17]}
e5 {[%clk 01:31:55]} {[%emt 00:00:17]} 6. Ndb5 {[%clk 01:30:57]} {[%emt
00:00:20]} d6 {[%clk 01:32:12]} {[%emt 00:00:12]} 7. Nd5 {[%clk 01:31:14]}
{[%emt 00:00:13]} Nxd5 {[%clk 01:32:09]} {[%emt 00:00:33]} 8. exd5 {[%clk
01:30:33]} {[%emt 00:01:11]} Ne7 {[%clk 01:32:25]} {[%emt 00:00:14]} 9. c4
{[%clk 01:30:05]} {[%emt 00:00:58]} Ng6 {[%clk 01:32:50]} {[%emt 00:00:05]} 10.
Qa4 {[%clk 01:29:31]} {[%emt 00:01:05]} Bd7 {[%clk 01:33:05]} {[%emt 00:00:14]}
11. Qb4 {[%clk 01:29:12]} {[%emt 00:00:49]} Qb8 {[%clk 01:29:16]} {[%emt
00:04:19]} 12. h4 {[%clk 01:28:09]} {[%emt 00:01:33]} a6 {[%clk 01:25:12]}
{[%emt 00:04:33]} 13. h5 {[%clk 01:25:27]} {[%emt 00:03:13]} axb5 {[%clk
01:23:23]} {[%emt 00:02:19]} 14. hxg6 {[%clk 01:25:15]} {[%emt 00:00:42]} fxg6
{[%clk 01:23:43]} {[%emt 00:00:10]} 15. cxb5 {[%clk 01:24:56]} {[%emt
00:00:49]} Be7 {[%clk 01:23:06]} {[%emt 00:01:06]} 16. Bd3 {[%clk 01:24:35]}
{[%emt 00:00:52]} O-O {[%clk 01:21:19]} {[%emt 00:02:18]} 17. Be3 {[%clk
01:23:27]} {[%emt 00:01:38]} Bf5 {[%clk 01:19:16]} {[%emt 00:02:32]} 18. Bxf5
{[%clk 01:21:01]} {[%emt 00:02:55]} gxf5 {[%clk 01:19:18]} {[%emt 00:00:28]} 19.
f3 {[%clk 01:20:18]} {[%emt 00:01:14]} Qd8 {[%clk 01:16:39]} {[%emt 00:03:09]}
20. a4 {[%clk 01:19:38]} {[%emt 00:01:10]} Bg5 {[%clk 01:14:43]} {[%emt
00:02:24]} 21. Bf2 {[%clk 01:17:46]} {[%emt 00:02:24]} Rc8 {[%clk 01:12:12]}
{[%emt 00:02:59]} 22. O-O {[%clk 01:14:36]} {[%emt 00:03:42]} Bf4 {[%clk
01:07:04]} {[%emt 00:05:37]} 23. Qe1 {[%clk 01:08:20]} {[%emt 00:06:47]} Qg5
{[%clk 01:03:29]} {[%emt 00:04:06]} 24. Rd1 {[%clk 01:00:36]} {[%emt 00:08:15]}
Rc2 {[%clk 00:57:57]} {[%emt 00:06:00]} 25. Rd3 {[%clk 00:57:39]} {[%emt
00:03:28]} Qh5 {[%clk 00:40:58]} {[%emt 00:17:27]} 26. Bg3 {[%clk 00:56:47]}
{[%emt 00:01:23]} Qg6 {[%clk 00:39:43]} {[%emt 00:01:46]} 27. Bf2 {[%clk
00:56:06]} {[%emt 00:01:11]} e4 {[%clk 00:37:26]} {[%emt 00:02:47]} 28. fxe4
{[%clk 00:54:33]} {[%emt 00:02:04]} fxe4 {[%clk 00:37:33]} {[%emt 00:00:23]} 29.
Rh3 {[%clk 00:54:54]} {[%emt 00:00:08]} e3 {[%clk 00:36:01]} {[%emt 00:02:02]}
30. Bg3 {[%clk 00:54:55]} {[%emt 00:00:28]} Qe4 {[%clk 00:35:48]} {[%emt
00:00:44]} 31. Rf3 {[%clk 00:51:43]} {[%emt 00:03:42]} e2 {[%clk 00:31:15]}
{[%emt 00:05:02]} 32. Bxf4 {[%clk 00:49:17]} {[%emt 00:02:57]} Rxf4 {[%clk
00:31:34]} {[%emt 00:00:11]} 33. Rxf4 {[%clk 00:32:45]} {[%emt 00:17:01]} Qxf4
{[%clk 00:31:41]} {[%emt 00:00:23]} 34. Rc3 {[%clk 00:32:00]} {[%emt 00:01:16]}
Qd4+ {[%clk 00:29:15]} {[%emt 00:02:53]} 35. Kh2 {[%clk 00:30:17]} {[%emt
00:02:16]} Rxc3 {[%clk 00:29:34]} {[%emt 00:00:12]} 36. bxc3 {[%clk 00:30:41]}
{[%emt 00:00:06]} Qd1 {[%clk 00:30:01]} {[%emt 00:00:03]} 37. Qh4 {[%clk
00:30:54]} {[%emt 00:00:16]} e1=Q {[%clk 00:30:25]} {[%emt 00:00:06]} 38. Qd8+
{[%clk 00:31:05]} {[%emt 00:00:19]} Kf7 {[%clk 00:30:47]} {[%emt 00:00:08]} 39.
Qd7+ {[%clk 00:31:05]} {[%emt 00:00:30]} Qe7 {[%clk 00:31:03]} {[%emt
00:00:14]} 40. Qf5+ {[%clk 00:31:18]} {[%emt 00:00:17]} Qf6 {[%clk 00:31:12]}
{[%emt 00:00:21]} 41. Qd7+ {[%emt 00:00:07]} Kg6 {[%clk 00:31:16]} {[%emt
00:00:21]} 42. Qe8+ {[%clk 00:32:02]} {[%emt 00:00:14]} Kh6 {[%clk 00:30:55]}
{[%emt 00:00:48]} 43. Qe3+ {[%clk 00:32:28]} {[%emt 00:00:06]} g5 {[%clk
00:31:08]} {[%emt 00:00:17]} 44. Qh3+ {[%clk 00:32:47]} {[%emt 00:00:12]} Qh5
{[%clk 00:31:33]} {[%emt 00:00:04]} 0-1

[ePGN "0.1;DGT LiveChess/2.2.6"]